MARC

LEADER 00000nam a2200000Ia 4500
001 1715
003 BGR
005 20260324175301.0
008 160829s1977 xx 000 0 cat d
080 |a L-1-135 
100 |a Garrut, Josep M.  |9 24846 
245 |a Jacint Verdaguer :  |b  príncep dels poetes catalans / per Josep M. Garrut 
260 |a Barcelona :  |b Ajuntament de Barcelona, Delegació de Cultura,  |c 1977 
490 |a Col·lecció A. Duran i Sanpere ; 8 
600 1 0 |a Verdaguer, Jacint,  |d 1845-1902  |9 28800 
710 1 |a Barcelona (Catalunya).  |b Ajuntament  |9 50981 
901 |a Arxiu 
942 |n 1  |2 udc  |c MON 
952 |0 0  |1 0  |4 0  |6 L1135  |7 1  |9 43340  |a Arxiu  |b Arxiu  |d 2016-12-01  |l 0  |o L-1-135  |p 1715  |r 2016-12-01 00:00:00  |w 2016-12-01  |y ARXIU 
999 |c 45885  |d 45885